000170340 001__ 170340 000170340 005__ 20260410165451.0 000170340 0248_ $$2sideral$$a88190 000170340 037__ $$aART-2013-88190 000170340 041__ $$aeng 000170340 100__ $$0(orcid)0000-0003-4055-3390$$aLópez-Ruiz, R$$uUniversidad de Zaragoza 000170340 245__ $$aA generalized continuous model for random markets 000170340 260__ $$c2013 000170340 5203_ $$aA generalized continuous economic model is proposed for random markets. In this model, agents interact by pairs and exchange their money in a random way. A parameter controls the effectiveness of the transactions between the agents. We show in a rigorous way that this type of markets reach their asymptotic equilibrium on the exponential wealth distribution. 000170340 540__ $$9info:eu-repo/semantics/closedAccess$$aAll rights reserved$$uhttp://www.europeana.eu/rights/rr-f/ 000170340 655_4 $$ainfo:eu-repo/semantics/article$$vinfo:eu-repo/semantics/publishedVersion 000170340 700__ $$aShivanian, E: Abbasbandy, S 000170340 700__ $$aLópez, JL. 000170340 7102_ $$15007$$2075$$aUniversidad de Zaragoza$$bDpto. Informát.Ingenie.Sistms.$$cÁrea Ciencia Comput.Intelig.Ar 000170340 773__ $$g3, 4 (2013), 317-328$$pMath.Aeterna$$tMathematica Aeterna$$x1314-3336 000170340 8564_ $$s172179$$uhttps://zaguan.unizar.es/record/170340/files/texto_completo.pdf$$yVersión publicada 000170340 8564_ $$s951569$$uhttps://zaguan.unizar.es/record/170340/files/texto_completo.jpg?subformat=icon$$xicon$$yVersión publicada 000170340 909CO $$ooai:zaguan.unizar.es:170340$$particulos$$pdriver 000170340 951__ $$a2026-04-10-13:46:53 000170340 980__ $$aARTICLE